Fille/Garçon en chansons - Statistiques

Statistiques générales
  • Ce quiz a été pris 246 fois
  • Le résultat moyen est 13 sur 50
Statistiques - réponses
Interprètes Année Chanson % Correct
Françoise Hardy 1962 Tous les garçons et les filles
66%
Cyndi Lauper 1983 Girls Just Want to Have Fun
62%
Aqua 1997 Barbie girl
61%
Jacques Dutronc 1967 J'aime les filles
60%
Céline Dion 1991 Un garçon pas comme les autres (Ziggy)
57%
Sylvie Vartan 1967 Comme un garçon
57%
Claude Nougaro 1963 Cécile, ma fille
45%
Julien Clerc 1984 La fille aux bas nylon
45%
Madonna 1987 Who's that girl
43%
Beyoncé 2008 If i were a boy
42%
Sabrina 1987 Boys
41%
Koxie 2007 Garçon
39%
Alicia Keys 2012 Girl on fire
38%
Laurent Voulzy 2002 La fille d'avril
38%
Rihanna 2009 Rude boy
38%
The Cure 1979/1986 Boys don't cry
36%
Eddy Mitchell 1976 La fille du motel
35%
Sheila 1968 Petite fille de français moyen
35%
Estelle & Kanye West 2008 American boy
33%
Michel Sardou 1974 Une fille aux yeux clairs
33%
Michael Jackson 1989 Liberian girl
29%
Maroon 5 & Cardi B 2017 Girls like you
27%
Hubert-Félix Thiéfaine 1978 La Fille du coupeur de joints
24%
PZK 2009 Les filles adorent
24%
Christophe 1975 Petite fille du soleil
23%
Hélène 1992 Pour l'amour d'un garçon
22%
Adamo 1965 Les filles du bord de mer
20%
Blur 1994 Girls and Boys
20%
Claude François 1972 Une fille et des fleurs
20%
Francis Cabrel 1983 La fille qui m'accompagne
18%
Indochine 2013 College boy
18%
Nirvana 1989/1994 About a girl
18%
Pink 2006 Stupid girls
18%
Brandy & Monica 1998 The boy is mine
17%
No Doubt 1995 Just a girl
17%
Bronski Beat 1984 Smalltown boy
12%
C-Jérôme 1973 La petite fille 73
12%
Milli Vanilli 1988 Girl you know it's true
9%
Baltimora 1985 Tarzan boy
8%
Il était une fois 1973 Les filles du mercredi
8%
Pet Shop Boys 1984 West and girls
7%
The Temptations 1965 My girl
7%
Clarika 2001 Les garçons dans les vestiaires
6%
Edwyn Collins 1994 A girl like you
6%
Orelsan 2017 Adieu les filles
6%
ZZ Top 1985 Rough boy
6%
Foreigner 1981 Waiting for a Girl Like You
5%
Pierre Groscolas 1971 Fille du vent
5%
Richard Anthony 1964 Les garçons pleurent
5%
Donna Summer 1979 Bad girls
4%
Aucun quiz correspondant
Distribution des résultats
% des personnes avec chaque résultat
Percentile par nombre de réponses
Votre historique - résultats
Vous n’avez pas pris ce quiz